书目信息 |
| 题名: |
邓小平理论和"三个代表"重要思想概论学习辅导
|
|
| 作者: | 许立玲 , 许门友 主编 | |
| 分册: | ||
| 出版信息: | 北京 中国财政经济出版社 2004.10 |
|
| 页数: | 203页 | |
| 开本: | 23cm | |
| 丛书名: | 高等职业教育思想政治课辅导丛书(2年制) | |
| 单 册: | ||
| 中图分类: | A849 , D261 | |
| 科图分类: | ||
| 主题词: | 邓小平理论--高等学校:技术学校--教学参考资料 , 中国共产党 | |
| 电子资源: | ||
| ISBN: | 7-5005-7579-3 | |
| 000 | 01018nam0 2200277 450 | |
| 001 | 1032480063 | |
| 005 | 20100805090653.37 | |
| 010 | @a7-5005-7579-3@dCNY18.00 | |
| 100 | @a20100515d2004 km y0chiy0120 ea | |
| 101 | 0 | @achi |
| 102 | @aCN@b110000 | |
| 105 | @ay z 000yy | |
| 200 | 1 | @a邓小平理论和"三个代表"重要思想概论学习辅导@Adeng xiao ping li lun he"san ge dai biao"zhong yao si xiang gai lun xue xi fu dao@f许立玲, 许门友主编@Fxu li ling,xu men you zhu bian |
| 210 | @a北京@c中国财政经济出版社@d2004.10 | |
| 215 | @a203页@d23cm | |
| 225 | 2 | @a高等职业教育思想政治课辅导丛书(2年制) |
| 330 | @a本书由各章独立构成,每章辅导由单项选择题、多项选择题、辨析题、简答题、论述题待六部分构成。 | |
| 410 | 0 | @12001 @a高等职业教育思想政治课辅导丛书(2年制) |
| 606 | 0 | @a邓小平理论@x高等学校:技术学校@x教学参考资料 |
| 606 | 0 | @a中国共产党 |
| 690 | @aA849@v4 | |
| 690 | @aD261@v4 | |
| 701 | 0 | @a许立玲@Axu li ling@4主编 |
| 701 | 0 | @a许门友@Axu men you@4主编 |
| 801 | 0 | @aCN@c20100515 |
| 905 | @dA849@eX870@f5 | |
| 邓小平理论和"三个代表"重要思想概论学习辅导/许立玲, 许门友主编.-北京:中国财政经济出版社,2004.10 |
| 203页;23cm.-(高等职业教育思想政治课辅导丛书(2年制)) |
| ISBN 7-5005-7579-3:CNY18.00 |
| 本书由各章独立构成,每章辅导由单项选择题、多项选择题、辨析题、简答题、论述题待六部分构成。 |
| ● |
| 相关链接 |
|
|
|
正题名:邓小平理论和"三个代表"重要思想概论学习辅
索取号:A849/X870
 
预约/预借
| 序号 | 登录号 | 条形码 | 馆藏地/架位号 | 状态 | 备注 |
| 1 | 995563 | 209955636 | 社科库509/509社科库 5排4列3层/ [索取号:A849/X870] | 在馆 | |
| 2 | 995564 | 209955645 | 社科库509/509社科库 5排4列3层/ [索取号:A849/X870] | 在馆 | |
| 3 | 995565 | 209955654 | 社科库509/509社科库 5排4列3层/ [索取号:A849/X870] | 在馆 | |
| 4 | 995566 | 209955663 | 社科库509/509社科库 5排4列3层/ [索取号:A849/X870] | 在馆 | |
| 5 | 995567 | 209955672 | 社科库509/509社科库 5排4列3层/ [索取号:A849/X870] | 在馆 |